| 000 | 00585nam a2200193Ia 4500 | ||
|---|---|---|---|
| 008 | 090124s9999 xx 000 0 und d | ||
| 082 | _b132568 | ||
| 100 | _aहसमनीस सुरेन्द्र | ||
| 245 | _a बँक रॉबरी | ||
| 250 | _a1 | ||
| 260 | _c2004 | ||
| 300 | _a184 | ||
| 600 | _aहसमनीस सुरेन्द्र | ||
| 630 | _a बँक रॉबरी | ||
| 700 | _aहसमनीस सुरेन्द्र | ||
| 700 | _aहुद्दार मधुकर | ||
| 730 | _a बँक रॉबरी | ||
| 942 | _cBOOK | ||
| 999 |
_c178666 _d178666 |
||